| 000 | 00583nam a22002057a 4500 | ||
|---|---|---|---|
| 005 | 20220725143925.0 | ||
| 008 | 220725b ||||| |||| 00| 0 eng d | ||
| 040 | _cAL | ||
| 041 | _aEnglish | ||
| 082 |
_223 _a306.8 _bALIF |
||
| 100 |
_aHossein Ali Torkamani _953102 |
||
| 245 | _aFamily the Center of Stability | ||
| 260 |
_aTehran _bFoundation of Islamic Thought |
||
| 300 |
_a86 p. _bPB _c21.5x14.5 cm. |
||
| 650 |
_aFamily _953103 |
||
| 700 |
_aTORKAMANI (Hossein Ali) _953104 |
||
| 700 |
_aASSARI (Elahe) Tr _953105 |
||
| 700 |
_aREFAI (Ellen) Ed _953106 |
||
| 942 |
_2ddc _cGF |
||
| 999 |
_c224157 _d224157 |
||